000 00700nam a2200229Ia 4500
003 OSt
005 20240903150524.0
008 210329s9999||||xx |||||||||||||| ||und||
020 _a9788192159713
040 _cSTCPL
041 _aMAL
082 _aM07
_bSOM-F
100 _aKadaloor, Soman
_qസോമൻ കടലൂർ
245 0 _aFolklorinte soundarya sasthram /
_cby Soman Kadaloor
_hഫോക്ലോറിന്‍റെ സൗന്ദര്യശാസ്ത്രം
260 _aThiruvananthapuram :
_bChintha Publishers ,
_c2011 .
300 _a144 p.
_bPB
650 _aMalayalam literature
650 _aNon-Fictions
650 _aStudy
942 _cBK
942 _2ddc
999 _c68210
_d68210